2002 Population and Housing Census Volume II: (Record no. 6716)

MARC details
000 -LEADER
fixed length control field 00422nam a22001097a 4500
008 - FIXED-LENGTH DATA ELEMENTS--GENERAL INFORMATION
fixed length control field 200324b ||||| |||| 00| 0 eng d
245 ## - TITLE STATEMENT
Title 2002 Population and Housing Census Volume II:
Remainder of title Age and Sex Distribution.-
Statement of responsibility, etc. President's Office Planning and Privatization.-
Medium English.
260 ## - PUBLICATION, DISTRIBUTION, ETC. (IMPRINT)
Place of publication, distribution, etc. Dar Es Salaam:
Name of publisher, distributor, etc. National Bureau of Statistics,
300 ## - PHYSICAL DESCRIPTION
Extent xi, 352p;
Other physical details Tables,
Dimensions 30cm.-
650 ## - SUBJECT ADDED ENTRY--TOPICAL TERM
Source of heading or term POPULATION CENSUS
942 ## - ADDED ENTRY ELEMENTS (KOHA)
Source of classification or shelving scheme Dewey Decimal Classification
Koha item type BOOKS

No items available.

IRDP © 2021 :: Managed by ICT Team